| 000 | 00000nas##2200000za#4500 |
| 001 | 9.506369 |
| 003 | CaOODSP |
| 005 | 20200514165228 |
| 007 | cr ||||||||||| |
| 008 | 150406c1983||||xxc|| p o||||f| |0eng|d |
| 022 | |a1700-5914 |
| 040 | |aCaOODSP|beng |
| 043 | |an-cn--- |
| 086 | 1 |aNH12-264E-PDF |
| 110 | 2 |aCanada Mortgage and Housing Corporation. |
| 245 | 10|aCompendium of research |h[electronic resource] |
| 260 | |aOttawa - Ontario : |bCanada Mortgage and Housing Corporation |
| 310 | |aBiennial |
| 362 | 1 |a[1998/99]- |
| 775 | 08|tCompendium of research |w(CaOODSP)9.500559 |
| 775 | 08|tCompendium de recherche.|w(CaOODSP)9.502765 |
| 775 | 08|tCompendium de recherche |w(CaOODSP)9.500560 |